000 00426nam a2200145 i 4500
001 97762
003 ES-MaACL
007 t|
008 050718s1909 sp ||||1| spa d
100 1 _aMarín-Baldo, Jacobo.
_976770
245 1 0 _aMadrigales /
_cJacobo Marín-Baldo.
260 _aMadrid :
_b[s.n.],
_c1909 (
_fTip. de la Revista de Archivos, Bibliotecas y Museos)
300 _a177 p. ;
_c19 cm.
852 _aES-MaACL
_jG-10529
999 _c97762
_d97762